| History - American | 0 | 5 | 0 | 0 | 50 | 85 | 117.80 | 0 | 0 |
| Mythology - Greco/Roman | 0 | 4 | 1 | 0 | 35 | 74 | 90.00 | 0 | 4 |
| Art - Painting/Sculpture | 0 | 3 | 0 | 2 | 30 | 133 | 141.00 | 0 | 0 |
| History - European | 0 | 3 | 0 | 0 | 30 | 64 | 107.67 | 0 | 1 |
| History - World | 0 | 3 | 0 | 2 | 30 | 117 | 129.67 | 0 | 0 |
| Science - Biology | 0 | 2 | 0 | 1 | 20 | 104 | 116.50 | 0 | 1 |
| Mythology - Mixed/Any | 0 | 2 | 0 | 0 | 20 | 87 | 87.50 | 1 | 2 |
| Art - Visual | 0 | 2 | 0 | 2 | 20 | 133 | 142.50 | 0 | 0 |
| Science - Chemistry | 0 | 2 | 0 | 0 | 20 | 117 | 120.50 | 0 | 0 |
| Social Science - Sociology | 0 | 2 | 0 | 1 | 20 | 113 | 118.00 | 0 | 1 |
| History - Other | 0 | 2 | 1 | 1 | 15 | 110 | 121.00 | 0 | 0 |
| Art - Music/Opera | 0 | 1 | 0 | 1 | 10 | 131 | 131.00 | 0 | 0 |
| Mythology - East Asia | 0 | 1 | 0 | 0 | 10 | 106 | 106.00 | 1 | 1 |
| Mythology - Egyptian | 0 | 1 | 0 | 0 | 10 | 112 | 112.00 | 0 | 1 |
| Philosophy - 20th century | 0 | 1 | 0 | 0 | 10 | 99 | 99.00 | 0 | 0 |
| Philosophy - Pre-20th | 0 | 1 | 0 | 0 | 10 | 111 | 111.00 | 1 | 1 |
| Religion - Christianity/Judaism | 0 | 1 | 0 | 0 | 10 | 117 | 117.00 | 0 | 0 |
| Religion - Islam | 0 | 1 | 0 | 1 | 10 | 146 | 146.00 | 0 | 0 |
| Religion - Mixed/Any | 0 | 1 | 0 | 1 | 10 | 132 | 132.00 | 0 | 1 |
| Literature - World/Misc long fiction | 0 | 1 | 0 | 0 | 10 | 112 | 112.00 | 0 | 0 |
| Literature - American drama | 0 | 1 | 0 | 0 | 10 | 82 | 82.00 | 0 | 1 |
| Literature - American long fiction | 0 | 1 | 0 | 0 | 10 | 90 | 90.00 | 0 | 1 |
| Literature - American poetry | 0 | 1 | 0 | 0 | 10 | 138 | 138.00 | 0 | 0 |
| Literature - British drama | 0 | 1 | 0 | 0 | 10 | 74 | 74.00 | 0 | 0 |
| Literature - British long fiction | 0 | 1 | 0 | 0 | 10 | 131 | 131.00 | 0 | 0 |
| Literature - British short fiction | 0 | 1 | 0 | 0 | 10 | 71 | 71.00 | 1 | 1 |
| Literature - European any | 0 | 1 | 0 | 0 | 10 | 111 | 111.00 | 0 | 0 |
| Literature - European drama | 0 | 1 | 0 | 0 | 10 | 103 | 103.00 | 0 | 0 |
| Literature - World/Misc any | 0 | 1 | 0 | 1 | 10 | 143 | 143.00 | 0 | 0 |
| Literature - World/Misc drama | 0 | 1 | 0 | 0 | 10 | 121 | 121.00 | 0 | 1 |
| Science - Other | 0 | 1 | 0 | 1 | 10 | 135 | 135.00 | 0 | 0 |
| Social Science - Psychology | 0 | 1 | 0 | 1 | 10 | 128 | 128.00 | 0 | 0 |
| Science - Physics | 0 | 0 | 1 | 0 | -5 | | 0.00 | 0 | 0 |
| Philosophy - Ancient | 0 | 0 | 1 | 0 | -5 | | 0.00 | 0 | 0 |
| Literature - World/Misc short fiction | 0 | 0 | 1 | 0 | -5 | | 0.00 | 0 | 0 |